[Event "DEM U18 2010"]
[Site "Oberhof GER"]
[Date "2010.05.26"]
[Round "6"]
[White "Nuber, Blasius"]
[Black "Kartsev, Alexandr"]
[Result "1/2-1/2"]
[Termination "normal"]
[Board "3"]
[WhiteElo "2199"]
[BlackElo "2082"]
[PlyCount "204"]
[WhiteFideId "24620289"]
[BlackFideId "24647110"]
[EventCountry "GER"]
[EventRounds "9"]
[EventType "swiss"]
[EventDate "2010.05.22"]

1. e4 d5 2. exd5 Nf6 3. d4 Nxd5 4. c4 Nb6 5. Nf3 Bg4 6. Be2 e6 7. Nc3 Be7 8.
O-O O-O 9. h3 Bh5 10. Be3 Nc6 11. b3 Bb4 12. Qd2 f5 13. Bg5 Qd7 14. Rad1 h6 15.
Ne5 Nxe5 16. dxe5 Qe8 17. Bxh5 Qxh5 18. Bf4 g5 19. Bh2 Rf7 20. Qe2 Qg6 21. Nb5
Bf8 22. f4 a6 23. Nc3 Kh7 24. Kh1 Bb4 25. Nb1 Rg8 26. Qf3 Rfg7 27. a3 Bf8 28.
Qxb7 gxf4 29. Rd2 a5 30. Bxf4 a4 31. Qf3 Qe8 32. Rc1 axb3 33. Qxb3 Nd7 34. Qf3
Nc5 35. Rcd1 Ne4 36. Rc2 Qa4 37. Rdc1 Qc6 38. Kh2 Qe8 39. Nc3 Ng5 40. Qe3 Bxa3
41. Rb1 Qc6 42. h4 Bc5 43. Qe2 Nf7 44. g3 Rg4 45. Rf1 Be7 46. Kh3 Ng5+ 47. Kh2
Nf7 48. Kh3 Bg5 49. Ne4 Be7 50. Nc3 Qe8 51. Rd2 Bb4 52. Rc2 Ng5+ 53. hxg5 Bxc3
54. Rh1 Qc6 55. Qg2 Qxc4 56. Rhc1 hxg5 57. Rxc3 Qa4 58. Rxc7+ Kg6 59. Qc6 Qxc6
60. R1xc6 gxf4 61. Rxe6+ Kg5 62. Rc3 fxg3 63. Rxg3 Rxg3+ 64. Kxg3 Ra8 65. Rb6
Ra3+ 66. Kf2 Kg4 67. e6 Rf3+ 68. Kg2 Re3 69. Kf2 f4 70. Ra6 Re5 71. Rb6 Kf5 72.
Ra6 Ke4 73. Ra4+ Kf5 74. Ra6 Re3 75. Rb6 Kg4 76. Ra6 Re4 77. Rb6 f3 78. Rb8
Re2+ 79. Kf1 Rxe6 80. Rg8+ Kf4 81. Rf8+ Ke3 82. Ra8 Re7 83. Ra3+ Kf4 84. Ra8
Rg7 85. Rf8+ Kg3 86. Ra8 Rg4 87. Rf8 Rg7 88. Ra8 Rg6 89. Rb8 Re6 90. Rg8+ Kf4
91. Rf8+ Ke3 92. Ra8 Re5 93. Ra3+ Kf4 94. Ra8 Re4 95. Rb8 Rd4 96. Rf8+ Ke3 97.
Re8+ Re4 98. Rxe4+ Kxe4 99. Kf2 Kf4 100. Kf1 Ke3 101. Ke1 f2+ 102. Kf1 Kf3
1/2-1/2

[Event "DEM U18 2010"]
[Site "Oberhof GER"]
[Date "2010.05.26"]
[Round "6"]
[White "Strunski, Andreas"]
[Black "Kugler, Florian"]
[Result "0-1"]
[Termination "normal"]
[Board "4"]
[WhiteTitle "FM"]
[WhiteElo "2378"]
[BlackElo "2104"]
[PlyCount "70"]
[WhiteFideId "24606073"]
[BlackFideId "4633300"]
[EventCountry "GER"]
[EventRounds "9"]
[EventType "swiss"]
[EventDate "2010.05.22"]

1. d4 Nf6 2. c4 g6 3. Nc3 d5 4. cxd5 Nxd5 5. Na4 Bg7 6. e4 Nb6 7. Be3 O-O 8.
Nf3 Nc6 9. Nc5 Nd7 10. Rc1 Nxc5 11. Rxc5 Bg4 12. Rd5 Qc8 13. Qa4 Bxf3 14. gxf3
e5 15. dxe5 Nxe5 16. Bg2 c6 17. Rd1 Qe6 18. b3 Qf6 19. f4 Ng4 20. O-O Qh4 21.
h3 Nxe3 22. fxe3 Rfd8 23. e5 Bf8 24. Qc4 Qg3 25. Qc3 Be7 26. Rde1 Rd7 27. Rf3
Qh4 28. f5 Bb4 29. Qc2 Qxe1+ 30. Kh2 Qc3 31. Qe4 Re7 32. e6 f6 33. Rf4 Bd6 34.
fxg6 Qe5 35. gxh7+ Kh8 0-1

[Event "DEM U18 2010"]
[Site "Oberhof GER"]
[Date "2010.05.26"]
[Round "6"]
[White "Kachibadze, Georg"]
[Black "Hirneise, Jens"]
[Result "1/2-1/2"]
[Termination "normal"]
[Board "5"]
[BlackTitle "FM"]
[WhiteElo "2240"]
[BlackElo "2294"]
[PlyCount "44"]
[WhiteFideId "24640794"]
[BlackFideId "24614734"]
[EventCountry "GER"]
[EventRounds "9"]
[EventType "swiss"]
[EventDate "2010.05.22"]

1. e4 c5 2. Nf3 d6 3. d4 cxd4 4. Nxd4 Nf6 5. Nc3 a6 6. Bg5 e6 7. Qf3 Nbd7 8.
O-O-O Qc7 9. Qg3 Be7 10. Be2 Rb8 11. f4 h6 12. Bh4 g5 13. fxg5 Rg8 14. Ndb5
axb5 15. Nxb5 Qc5 16. b4 Qxb4 17. gxf6 Rxg3 18. Nc7+ Kd8 19. Nxe6+ fxe6 20.
fxe7+ Kc7 21. e8=Q Qa3+ 22. Kb1 Qb4+ 1/2-1/2

[Event "DEM U18 2010"]
[Site "Oberhof GER"]
[Date "2010.05.26"]
[Round "6"]
[White "Graf, Felix"]
[Black "Krassowizkij, Jaroslaw"]
[Result "1-0"]
[Termination "normal"]
[Board "6"]
[WhiteElo "2300"]
[BlackElo "2244"]
[PlyCount "39"]
[WhiteFideId "24608904"]
[BlackFideId "1271703"]
[EventCountry "GER"]
[EventRounds "9"]
[EventType "swiss"]
[EventDate "2010.05.22"]

1. d4 Nf6 2. c4 g6 3. Nc3 d5 4. h4 dxc4 5. e4 a6 6. e5 Nd5 7. Bxc4 Nxc3 8. bxc3
e6 9. h5 g5 10. h6 c5 11. Be3 Qa5 12. Kf1 Nc6 13. Rc1 Be7 14. Nf3 b5 15. Bd3
Bb7 16. Be4 O-O-O 17. Nxg5 Nxe5 18. Bxb7+ Kxb7 19. Nxf7 Nxf7 20. Qf3+ 1-0

[Event "DEM U18 2010"]
[Site "Oberhof GER"]
[Date "2010.05.26"]
[Round "6"]
[White "Grünter, Martin"]
[Black "Schmitt, Philipp"]
[Result "1/2-1/2"]
[Termination "normal"]
[Board "7"]
[WhiteElo "2185"]
[BlackElo "2097"]
[PlyCount "126"]
[WhiteFideId "24640352"]
[BlackFideId "24641766"]
[EventCountry "GER"]
[EventRounds "9"]
[EventType "swiss"]
[EventDate "2010.05.22"]

1. e4 e6 2. d4 d5 3. Nc3 Bb4 4. exd5 exd5 5. Bd3 Nc6 6. a3 Bxc3+ 7. bxc3 Nge7
8. Qh5 Be6 9. Nf3 Qd7 10. Ng5 g6 11. Qf3 O-O-O 12. Nxe6 Qxe6+ 13. Qe2 Qxe2+ 14.
Kxe2 Rhe8 15. f3 Rd6 16. Bf4 Re6+ 17. Kf2 Na5 18. h4 Ng8 19. h5 Nf6 20. g4 Nc4
21. Bg5 Kd7 22. hxg6 hxg6 23. Rab1 Kc8 24. Rb4 Nb6 25. Bb5 c6 26. Bd3 Nc4 27.
Bxf6 Rxf6 28. Bxc4 dxc4 29. Rxc4 Rfe6 30. d5 Re2+ 31. Kg3 Kc7 32. dxc6 bxc6 33.
Ra4 Rxc2 34. Rxa7+ Kb6 35. Rxf7 Rxc3 36. Rb1+ Kc5 37. Ra1 Ree3 38. a4 Ra3 39.
Rxa3 Rxa3 40. Rg7 Rxa4 41. Rxg6 Kd5 42. Rg8 c5 43. Rd8+ Ke6 44. Rc8 c4 45. g5
Kd7 46. Rc5 Kd6 47. Rc8 Kd7 48. g6 Ra6 49. Rxc4 Rxg6+ 50. Rg4 Re6 51. Rf4 Ke7
52. Kg4 Rg6+ 53. Kh5 Rf6 54. Re4+ Kf7 55. f4 Ra6 56. Rc4 Rb6 57. Kg4 Ra6 58.
Rc7+ Kf8 59. Kg5 Rb6 60. f5 Ra6 61. Rc4 Kf7 62. Rc7+ Kf8 63. f6 Ra1 1/2-1/2

[Event "DEM U18 2010"]
[Site "Oberhof GER"]
[Date "2010.05.26"]
[Round "6"]
[White "Hobusch, Alexander"]
[Black "Borgmeyer, Max"]
[Result "0-1"]
[Termination "normal"]
[Board "8"]
[WhiteElo "2132"]
[BlackElo "2053"]
[PlyCount "208"]
[WhiteFideId "24611387"]
[BlackFideId "24615870"]
[EventCountry "GER"]
[EventRounds "9"]
[EventType "swiss"]
[EventDate "2010.05.22"]

1. d4 Nf6 2. Nf3 e6 3. e3 c5 4. Bd3 b6 5. O-O Bb7 6. c4 Be7 7. Nc3 cxd4 8. exd4
d5 9. cxd5 Nxd5 10. Ne5 O-O 11. Qg4 Nf6 12. Qh4 Ne4 13. Qh3 Qxd4 14. Bf4 Nf6
15. Ne2 Qa4 16. Bg5 g6 17. Nf4 Qa5 18. Rfe1 Nbd7 19. Nxd7 Qxg5 20. Nxf8 Rxf8
21. Qg3 Qh6 22. Nh3 Nd5 23. Rad1 Qg7 24. Re2 Bf6 25. Rdd2 h5 26. Be4 Ba6 27.
Bd3 Bb7 28. Kh1 Be7 29. Qe5 Qh6 30. Bc4 Bf6 31. Qd6 Rd8 32. Qa3 a6 33. Bxd5
Bxd5 34. Kg1 Rc8 35. b3 Be7 36. Qb2 Bf6 37. Qb1 Be4 38. Qd1 Bf5 39. Re3 Bg4 40.
Qe1 Qg7 41. Red3 Qf8 42. Qf1 Qc5 43. Kh1 Qb5 44. a4 Qb4 45. Ng1 Bg5 46. f4 Bf6
47. h3 Bf5 48. Rd6 Qxb3 49. Qxa6 Rc1 50. Qxb6 Qxa4 51. Qe3 Qa1 52. Rd7 e5 53.
Ra7 Qc3 54. Qxc3 Rxc3 55. fxe5 Bxe5 56. Ra8+ Kg7 57. Rad8 Bf6 58. R8d6 Bg5 59.
Rd1 Be4 60. Rf1 Bf5 61. Nf3 Bf6 62. Rb6 Rc2 63. h4 Rc4 64. g3 Be4 65. Rb3 Rc2
66. Kg1 Be7 67. Re1 Bc5+ 68. Kh1 Bc6 69. Rd1 Rf2 70. Rdd3 Be4 71. Rdc3 Bd4 72.
Rc4 Rxf3 73. Rxf3 Bxf3+ 74. Kh2 Bf6 75. Rc8 Bg4 76. Rc6 g5 77. hxg5 Bxg5 78.
Kg2 f6 79. Rc7+ Kg6 80. Rc5 Bf5 81. Kf3 Bg4+ 82. Ke4 h4 83. gxh4 Bxh4 84. Kf4
Bh5 85. Rc8 Bg5+ 86. Kg3 Be2 87. Rc7 f5 88. Rc6+ Kh5 89. Rc8 f4+ 90. Kf2 f3 91.
Rf8 Bh4+ 92. Ke3 Kg4 93. Rg8+ Kh3 94. Rh8 Kg4 95. Rg8+ Bg5+ 96. Kf2 Kf4 97.
Rf8+ Ke4 98. Re8+ Kd3 99. Rf8 Bh4+ 100. Kg1 Kd2 101. Kh2 Ke1 102. Ra8 f2 103.
Ra1+ Bd1 104. Rb1 Bg3+ 0-1

[Event "DEM U18 2010"]
[Site "Oberhof GER"]
[Date "2010.05.26"]
[Round "6"]
[White "Müller, Denis"]
[Black "Meißner, Felix"]
[Result "0-1"]
[Termination "normal"]
[Board "9"]
[WhiteElo "1917"]
[BlackElo "2138"]
[PlyCount "120"]
[WhiteFideId "4696140"]
[BlackFideId "24671827"]
[EventCountry "GER"]
[EventRounds "9"]
[EventType "swiss"]
[EventDate "2010.05.22"]

1. e4 c5 2. Nf3 d6 3. d4 cxd4 4. Nxd4 Nf6 5. Nc3 a6 6. Be3 Ng4 7. Bc1 Nf6 8.
Be3 e5 9. Nb3 Be6 10. f3 Be7 11. Qd2 O-O 12. O-O-O Nbd7 13. g4 b5 14. g5 b4 15.
Ne2 Ne8 16. h4 a5 17. Kb1 Nc7 18. f4 a4 19. Nbc1 exf4 20. Nxf4 Qb8 21. Qg2 a3
22. b3 Ra5 23. Nd5 Bxd5 24. exd5 Nb6 25. Bxb6 Qxb6 26. Bd3 g6 27. Bc4 Nb5 28.
Ne2 Qe3 29. Bxb5 Rxb5 30. Rhe1 Re8 31. Qg3 Bf8 32. Qxe3 Rxe3 33. Nf4 Rf3 34.
Rf1 Rxf1 35. Rxf1 Bg7 36. Kc1 Be5 37. Kd2 Rc5 38. Kd3 Rc3+ 39. Kd2 Rg3 40. Nd3
Bd4 41. Kd1 Bc3 42. Rf4 Re3 43. Rf2 Kg7 44. Re2 Rh3 45. Re4 h6 46. Ke2 hxg5 47.
hxg5 Rh2+ 48. Nf2 f5 49. gxf6+ Kxf6 50. Kf3 Kf7 51. Kg3 Rh5 52. Nd1 Rxd5 53.
Nxc3 bxc3 54. Rc4 Rd1 55. Rxc3 Ra1 56. Kf3 Rxa2 57. Ke3 Ra1 58. Kd2 g5 59. b4
a2 60. Ra3 g4 0-1

[Event "DEM U18 2010"]
[Site "Oberhof GER"]
[Date "2010.05.26"]
[Round "6"]
[White "Müller, Philipp"]
[Black "Tkachuk, Konstantyn"]
[Result "1/2-1/2"]
[Termination "normal"]
[Board "10"]
[WhiteElo "1911"]
[BlackElo "2176"]
[PlyCount "56"]
[WhiteFideId "24683701"]
[BlackFideId "24647330"]
[EventCountry "GER"]
[EventRounds "9"]
[EventType "swiss"]
[EventDate "2010.05.22"]

1. e4 c5 2. b3 Nc6 3. c4 e5 4. Nc3 d6 5. g3 f5 6. Bg2 Nf6 7. Nge2 g6 8. O-O Bg7
9. Rb1 fxe4 10. Nxe4 Nxe4 11. Bxe4 Bh3 12. Re1 O-O 13. d3 Qd7 14. Be3 Kh8 15.
Qd2 Rf7 16. a3 Raf8 17. f3 b6 18. Nc3 Ne7 19. b4 Be6 20. bxc5 dxc5 21. a4 Nc6
22. Nd5 Bxd5 23. Bxd5 Rf6 24. a5 Nxa5 25. Bxc5 Rc8 26. Bb4 Nc6 27. Bc3 Rd6 28.
Qb2 Nd4 1/2-1/2

[Event "DEM U18 2010"]
[Site "Oberhof GER"]
[Date "2010.05.26"]
[Round "6"]
[White "Jussupow, Alexander"]
[Black "Yakovenko, Oleg"]
[Result "1/2-1/2"]
[Termination "normal"]
[Board "11"]
[WhiteElo "2112"]
[BlackElo "2015"]
[PlyCount "102"]
[WhiteFideId "24613509"]
[BlackFideId "4696000"]
[EventCountry "GER"]
[EventRounds "9"]
[EventType "swiss"]
[EventDate "2010.05.22"]

1. d4 Nf6 2. Nf3 e6 3. Bg5 h6 4. Bh4 d6 5. e3 Nbd7 6. c4 g5 7. Bg3 Nh5 8. Nc3
Bg7 9. Be2 O-O 10. Nd2 Nxg3 11. hxg3 f5 12. Qc2 a6 13. g4 c6 14. d5 exd5 15.
cxd5 Nc5 16. Rc1 a5 17. a3 a4 18. Bc4 Kh8 19. Nf3 fxg4 20. Qg6 Rf6 21. Nxg5
Rxg6 22. Nf7+ Kh7 23. Nxd8 Bf5 24. Ne6 Nxe6 25. dxe6 d5 26. Be2 Rxe6 27. Rh4 g3
28. Nxa4 gxf2+ 29. Kxf2 d4 30. e4 Rxe4 31. Rxe4 Bxe4 32. Nc5 Bd5 33. Bd3+ Kh8
34. Re1 Rf8+ 35. Kg3 Rg8 36. Kh3 Bf8 37. Ne4 Kg7 38. g4 b5 39. Rf1 Be7 40. Ng3
Bg5 41. Nf5+ Kh8 42. Nxd4 Re8 43. Nf5 Kg8 44. Rd1 Bf3 45. Rf1 Be2 46. Bxe2 Rxe2
47. b4 Ra2 48. Rf3 Bc1 49. Ne7+ Kg7 50. Nxc6 Rxa3 51. Rxa3 Bxa3 1/2-1/2

[Event "DEM U18 2010"]
[Site "Oberhof GER"]
[Date "2010.05.26"]
[Round "6"]
[White "Steinacker, Alex"]
[Black "Kyas, Marcel"]
[Result "0-1"]
[Termination "normal"]
[Board "12"]
[WhiteElo "1879"]
[BlackElo "2120"]
[PlyCount "98"]
[WhiteFideId "24647195"]
[BlackFideId "24642037"]
[EventCountry "GER"]
[EventRounds "9"]
[EventType "swiss"]
[EventDate "2010.05.22"]

1. Nc3 d5 2. e4 dxe4 3. Nxe4 Bf5 4. Ng3 Bg6 5. h4 h6 6. Nf3 Nd7 7. Bc4 e6 8. h5
Bh7 9. d3 Ngf6 10. Qe2 c6 11. Bd2 Qc7 12. O-O-O O-O-O 13. Be3 Bd6 14. Rh4 Nb6
15. Bb3 Nfd5 16. Ne4 Be7 17. Rhh1 Nxe3 18. Qxe3 Kb8 19. g3 Nd5 20. Qe2 Rhe8 21.
d4 Nf6 22. Nxf6 Bxf6 23. Rhe1 c5 24. Ba4 Rf8 25. dxc5 Qxc5 26. Rxd8+ Rxd8 27.
Ne5 Bxe5 28. Qxe5+ Qxe5 29. Rxe5 Kc7 30. c3 Bf5 31. Bc2 Bg4 32. f4 b6 33. c4
Rd6 34. f5 exf5 35. b4 Re6 36. Rd5 g6 37. hxg6 fxg6 38. Ba4 Re7 39. c5 g5 40.
Rd6 h5 41. Rc6+ Kb7 42. Rg6 bxc5 43. bxc5 h4 44. gxh4 gxh4 45. Rh6 h3 46. Bc6+
Kc7 47. Bd5 Re5 48. Rc6+ Kb8 49. Bc4 h2 0-1

[Event "DEM U18 2010"]
[Site "Oberhof GER"]
[Date "2010.05.26"]
[Round "6"]
[White "Schiffner, Kevin"]
[Black "Marx, Joschka"]
[Result "1/2-1/2"]
[Termination "normal"]
[Board "13"]
[WhiteElo "1959"]
[BlackElo "2029"]
[PlyCount "46"]
[WhiteFideId "24674940"]
[BlackFideId "24645869"]
[EventCountry "GER"]
[EventRounds "9"]
[EventType "swiss"]
[EventDate "2010.05.22"]

1. d4 Nf6 2. c4 g6 3. Nc3 Bg7 4. e4 d6 5. f3 O-O 6. Be3 a6 7. Bd3 Nbd7 8. Nge2
c5 9. d5 b5 10. cxb5 Ne8 11. f4 Nc7 12. bxa6 Bxa6 13. Bxa6 Nxa6 14. O-O Qa5 15.
Qd2 Nb6 16. b3 Nc7 17. Rab1 Nb5 18. Nxb5 Qxb5 19. Rfc1 Ra3 20. Rc2 Rfa8 21. Re1
Qa6 22. Nc1 c4 23. Bd4 Qa5 1/2-1/2

[Event "DEM U18 2010"]
[Site "Oberhof GER"]
[Date "2010.05.26"]
[Round "6"]
[White "Bart, Simon"]
[Black "Schneider, Jens"]
[Result "0-1"]
[Termination "normal"]
[Board "14"]
[WhiteElo "1979"]
[BlackElo "1980"]
[PlyCount "102"]
[WhiteFideId "24637327"]
[BlackFideId "24685771"]
[EventCountry "GER"]
[EventRounds "9"]
[EventType "swiss"]
[EventDate "2010.05.22"]

1. e4 c5 2. Nf3 a6 3. Nc3 Nc6 4. d4 cxd4 5. Nxd4 d6 6. Be2 g6 7. Be3 Nf6 8. f3
Bd7 9. Qd2 Rc8 10. O-O-O Ne5 11. h4 b5 12. g4 h5 13. g5 Ng8 14. Nd5 e6 15. Nc3
Ne7 16. f4 Nc4 17. Bxc4 Rxc4 18. Rhf1 b4 19. Nce2 e5 20. fxe5 dxe5 21. Nb3 Nc6
22. Qd5 Be6 23. Qxd8+ Nxd8 24. Ng3 Be7 25. Rd2 O-O 26. Na5 Rc8 27. Rfd1 Rb8 28.
Rd3 Rb5 29. Nb3 a5 30. Nd2 Nb7 31. Kb1 Nc5 32. Bxc5 Bxc5 33. Ndf1 a4 34. Ne3
Kg7 35. Nd5 Rb7 36. Nf6 Be7 37. Nd7 Bxd7 38. Rxd7 Rxd7 39. Rxd7 Rd8 40. Rxd8
Bxd8 41. c4 bxc3 42. bxc3 f6 43. gxf6+ Bxf6 44. Nf1 Bxh4 45. Kc2 Kf6 46. Kd3
Ke6 47. c4 Bf2 48. Ke2 Bd4 49. Nd2 g5 50. Nf3 g4 51. Ne1 h4 0-1

[Event "DEM U18 2010"]
[Site "Oberhof GER"]
[Date "2010.05.27"]
[Round "7"]
[White "Jorczik, Julian"]
[Black "Günnigmann, Manuel"]
[Result "1-0"]
[Termination "normal"]
[Board "1"]
[WhiteTitle "FM"]
[WhiteElo "2357"]
[BlackElo "2181"]
[PlyCount "71"]
[WhiteFideId "24611719"]
[BlackFideId "24640360"]
[EventCountry "GER"]
[EventRounds "9"]
[EventType "swiss"]
[EventDate "2010.05.22"]

1. d4 Nf6 2. Nf3 d6 3. g3 Nbd7 4. Bg2 e5 5. c4 Be7 6. O-O O-O 7. Nc3 c6 8. e4
Re8 9. Re1 a6 10. a4 a5 11. h3 Bf8 12. Be3 exd4 13. Nxd4 Nc5 14. Qc2 Qc7 15.
Rad1 g6 16. f4 Nfd7 17. Bf2 Na6 18. Rd2 Nb4 19. Qd1 Nc5 20. Qf3 Bd7 21. Red1
Rad8 22. g4 Bc8 23. Bh4 Be7 24. Bg3 Qb6 25. Kh1 Ne6 26. f5 Nc5 27. Rf1 f6 28.
h4 Kg7 29. Nde2 Rf8 30. Nf4 Qc7 31. fxg6 hxg6 32. h5 g5 33. Ng6 Rfe8 34. e5 f5
35. gxf5 Nb3 36. f6+ 1-0

[Event "DEM U18 2010"]
[Site "Oberhof GER"]
[Date "2010.05.27"]
[Round "7"]
[White "Kartsev, Alexandr"]
[Black "Geske, Julian"]
[Result "0-1"]
[Termination "normal"]
[Board "2"]
[WhiteElo "2082"]
[BlackElo "2311"]
[PlyCount "74"]
[WhiteFideId "24647110"]
[BlackFideId "24605263"]
[EventCountry "GER"]
[EventRounds "9"]
[EventType "swiss"]
[EventDate "2010.05.22"]

1. d4 Nf6 2. Nf3 g6 3. Nc3 d5 4. Bf4 c6 5. Qd2 Bf5 6. Ne5 Nbd7 7. f3 Bg7 8.
O-O-O Nxe5 9. Bxe5 Qa5 10. Kb1 h5 11. h3 Bh6 12. e3 O-O-O 13. g4 Be6 14. Qg2
hxg4 15. hxg4 Bg7 16. Rxh8 Bxh8 17. Ne2 Nd7 18. Bxh8 Rxh8 19. Nf4 Nf8 20. c4 g5
21. Nxe6 Nxe6 22. cxd5 Qxd5 23. Bd3 a6 24. Bf5 Kc7 25. e4 Qd6 26. d5 Rh2 27.
Qg1 Qe5 28. Qxh2 Qxh2 29. dxe6 fxe6 30. Bxe6 Qe2 31. Rd7+ Kb6 32. Bf5 Qxf3 33.
a3 e6 34. Bg6 Qxg4 35. Ka2 Qf4 36. Rd4 g4 37. Rb4+ Ka7 0-1

[Event "DEM U18 2010"]
[Site "Oberhof GER"]
[Date "2010.05.27"]
[Round "7"]
[White "Kugler, Florian"]
[Black "Graf, Felix"]
[Result "1/2-1/2"]
[Termination "normal"]
[Board "3"]
[WhiteElo "2104"]
[BlackElo "2300"]
[PlyCount "84"]
[WhiteFideId "4633300"]
[BlackFideId "24608904"]
[EventCountry "GER"]
[EventRounds "9"]
[EventType "swiss"]
[EventDate "2010.05.22"]

1. Nf3 Nf6 2. g3 b5 3. Bg2 Bb7 4. b3 e6 5. c4 a6 6. e3 c5 7. Qe2 Be7 8. O-O O-O
9. Bb2 bxc4 10. bxc4 Qc7 11. Nc3 d6 12. Rab1 Nbd7 13. e4 Rab8 14. d3 Bc6 15.
Nd2 Rb7 16. Ba1 Rxb1 17. Rxb1 Rb8 18. f4 Rxb1+ 19. Ndxb1 Qb7 20. e5 Ne8 21.
Bxc6 Qxc6 22. Qe4 Qxe4 23. Nxe4 f6 24. exd6 Nxd6 25. Nbd2 Nb7 26. Nb3 f5 27.
Ned2 Bf6 28. Bxf6 gxf6 29. Kf2 Kf7 30. Ke3 Ke7 31. Nb1 Kd6 32. Nc3 Nb8 33. Kd2
Nc6 34. Ke3 Ne7 35. Kf3 h5 36. Ke3 Ng8 37. Kf3 Nh6 38. h3 Ng8 39. Ke3 Ne7 40.
Ke2 Nc6 41. Ke3 Nb4 42. Kd2 Nc6 1/2-1/2

[Event "DEM U18 2010"]
[Site "Oberhof GER"]
[Date "2010.05.27"]
[Round "7"]
[White "Hirneise, Jens"]
[Black "Nuber, Blasius"]
[Result "0-1"]
[Termination "normal"]
[Board "4"]
[WhiteTitle "FM"]
[WhiteElo "2294"]
[BlackElo "2199"]
[PlyCount "100"]
[WhiteFideId "24614734"]
[BlackFideId "24620289"]
[EventCountry "GER"]
[EventRounds "9"]
[EventType "swiss"]
[EventDate "2010.05.22"]

1. e4 e5 2. Nf3 Nc6 3. Bb5 a6 4. Ba4 Nf6 5. O-O Be7 6. Re1 b5 7. Bb3 d6 8. c3
O-O 9. h3 Na5 10. Bc2 c5 11. d4 Qc7 12. Nbd2 Nc6 13. d5 Nd8 14. a4 Rb8 15. b4
Bd7 16. axb5 axb5 17. Nf1 Ne8 18. Ng3 g6 19. Nh2 Ng7 20. Rf1 f6 21. Be3 Nf7 22.
Bb3 c4 23. Bc2 Ra8 24. Qe2 Qb7 25. Rad1 Ra3 26. Bc1 Ra2 27. Rd2 Qa7 28. Bb1
Rxd2 29. Bxd2 Bd8 30. Ng4 h5 31. Ne3 h4 32. Nh1 Nh5 33. Ng4 Kg7 34. Kh2 Nf4 35.
Qd1 Ng5 36. Be3 Bb6 37. Bxf4 exf4 38. Qd2 Bxg4 39. hxg4 f3 40. Qf4 Qe7 41. gxf3
Qe5 42. Qxe5 fxe5 43. f4 Rxf4 44. Bc2 Rxg4 45. Bd1 Rxe4 46. Kg2 Rf4 47. Kh2 Ne4
48. f3 Nxc3 49. Bc2 Nxd5 50. Be4 Nxb4 0-1

[Event "DEM U18 2010"]
[Site "Oberhof GER"]
[Date "2010.05.27"]
[Round "7"]
[White "Meißner, Felix"]
[Black "Kachibadze, Georg"]
[Result "0-1"]
[Termination "normal"]
[Board "5"]
[WhiteElo "2138"]
[BlackElo "2240"]
[PlyCount "94"]
[WhiteFideId "24671827"]
[BlackFideId "24640794"]
[EventCountry "GER"]
[EventRounds "9"]
[EventType "swiss"]
[EventDate "2010.05.22"]

1. e4 c5 2. Nf3 d6 3. d4 cxd4 4. Nxd4 Nf6 5. Nc3 a6 6. h3 e6 7. g4 Be7 8. Bg2
Nfd7 9. Be3 Nc6 10. Qe2 Nxd4 11. Bxd4 O-O 12. O-O b5 13. e5 d5 14. f4 b4 15.
Na4 a5 16. Qe3 Ba6 17. Rf2 Rc8 18. b3 Bb5 19. Nb2 Nc5 20. Rd1 a4 21. Rfd2 a3
22. Nd3 Nxd3 23. cxd3 h6 24. Bf3 Rc6 25. Rg2 Qc7 26. g5 hxg5 27. fxg5 g6 28. h4
Rc2 29. Rdd2 Rxd2 30. Rxd2 Rc8 31. Bd1 Qc1 32. Kf2 Bc5 33. Rc2 Qxd1 34. Rxc5
Rxc5 35. Bxc5 Bxd3 36. Bxb4 Qf1+ 37. Kg3 Be4 38. Qf2 Qd3+ 39. Kh2 Bf5 40. Be1
Qh3+ 41. Kg1 Qg4+ 42. Kh2 d4 43. b4 d3 44. b5 Qh3+ 45. Kg1 Be4 46. Qh2 Qg4+ 47.
Kf2 Qe2+ 0-1

[Event "DEM U18 2010"]
[Site "Oberhof GER"]
[Date "2010.05.27"]
[Round "7"]
[White "Zhou, Syang"]
[Black "Borgmeyer, Max"]
[Result "1/2-1/2"]
[Termination "normal"]
[Board "6"]
[WhiteElo "2206"]
[BlackElo "2053"]
[PlyCount "52"]
[WhiteFideId "24636126"]
[BlackFideId "24615870"]
[EventCountry "GER"]
[EventRounds "9"]
[EventType "swiss"]
[EventDate "2010.05.22"]

1. e4 c5 2. Nf3 d6 3. d4 cxd4 4. Nxd4 Nf6 5. Nc3 a6 6. h3 e5 7. Nde2 h5 8. Bg5
Be6 9. f4 Nbd7 10. f5 Bc4 11. Ng3 Rc8 12. Bxc4 Rxc4 13. Qe2 b5 14. O-O Qc8 15.
a3 Be7 16. Rfd1 Qc6 17. Re1 a5 18. Nf1 b4 19. Ne3 Rc5 20. axb4 axb4 21. Bxf6
Nxf6 22. Ncd5 Nxe4 23. Ra6 Qb7 24. Kh2 Bh4 25. Rb6 Qa7 26. Ra6 Qb7 1/2-1/2

[Event "DEM U18 2010"]
[Site "Oberhof GER"]
[Date "2010.05.27"]
[Round "7"]
[White "Kyas, Marcel"]
[Black "Grünter, Martin"]
[Result "1/2-1/2"]
[Termination "normal"]
[Board "7"]
[WhiteElo "2120"]
[BlackElo "2185"]
[PlyCount "73"]
[WhiteFideId "24642037"]
[BlackFideId "24640352"]
[EventCountry "GER"]
[EventRounds "9"]
[EventType "swiss"]
[EventDate "2010.05.22"]

1. d4 Nf6 2. c4 e6 3. Nf3 c5 4. Nc3 cxd4 5. Nxd4 a6 6. g3 Qc7 7. Bg2 Be7 8. O-O
d6 9. b3 O-O 10. Bb2 Bd7 11. Rc1 Qb6 12. Qd2 Rc8 13. Rfd1 Nc6 14. Nf3 Qa5 15.
Na4 Qxd2 16. Nxd2 Rd8 17. Ne4 Nxe4 18. Bxe4 Rab8 19. Nb6 Na7 20. Nxd7 Rxd7 21.
Bg2 Rbd8 22. Bd4 Nc6 23. Bb6 Rc8 24. a3 Bd8 25. Bxd8 Rdxd8 26. b4 Kf8 27. e3
Ke7 28. Kf1 Rc7 29. Ke2 Ne5 30. f4 Nxc4 31. Bxb7 Rxb7 32. Rxc4 Kd7 33. Rdc1 Ra8
34. Rb1 Rc7 35. Rbc1 Rb7 36. Rb1 Rc7 37. Rbc1 1/2-1/2

[Event "DEM U18 2010"]
[Site "Oberhof GER"]
[Date "2010.05.27"]
[Round "7"]
[White "Schmitt, Philipp"]
[Black "Müller, Philipp"]
[Result "0-1"]
[Termination "normal"]
[Board "8"]
[WhiteElo "2097"]
[BlackElo "1911"]
[PlyCount "78"]
[WhiteFideId "24641766"]
[BlackFideId "24683701"]
[EventCountry "GER"]
[EventRounds "9"]
[EventType "swiss"]
[EventDate "2010.05.22"]

1. e4 Nc6 2. d4 d5 3. Nc3 dxe4 4. d5 Ne5 5. Qd4 Ng6 6. Bc4 e5 7. Qxe4 Nf6 8.
Qe2 Bc5 9. Bd2 O-O 10. O-O-O Qe7 11. Bg5 Nf4 12. Bxf4 exf4 13. Qxe7 Bxe7 14. f3
Bc5 15. Nge2 Be3+ 16. Kb1 Bd7 17. Nd4 a6 18. a4 Rfe8 19. Rd3 Re5 20. b4 c6 21.
dxc6 bxc6 22. Nb3 Rb8 23. Ne4 Bf5 24. Nxf6+ gxf6 25. Rd6 Rxb4 26. Rxc6 Bc5 27.
g4 Bg6 28. Rc8+ Kg7 29. h4 Rxc4 30. h5 Bxc2+ 31. Ka2 h6 32. Nd2 Rd4 33. Nb3
Bxb3+ 34. Kxb3 Re3+ 35. Kc2 Bb4 36. Rf1 Rd2+ 37. Kb1 Rb3+ 38. Kc1 Ra3 39. Kb1
Bc3 0-1

[Event "DEM U18 2010"]
[Site "Oberhof GER"]
[Date "2010.05.27"]
[Round "7"]
[White "Krassowizkij, Jaroslaw"]
[Black "Strunski, Andreas"]
[Result "1-0"]
[Termination "normal"]
[Board "9"]
[BlackTitle "FM"]
[WhiteElo "2244"]
[BlackElo "2378"]
[PlyCount "85"]
[WhiteFideId "1271703"]
[BlackFideId "24606073"]
[EventCountry "GER"]
[EventRounds "9"]
[EventType "swiss"]
[EventDate "2010.05.22"]

1. d4 Nf6 2. c4 e6 3. Nc3 Bb4 4. Qc2 Nc6 5. e3 d5 6. cxd5 exd5 7. Bd3 a6 8.
Nge2 O-O 9. a3 Bd6 10. f3 h6 11. O-O Re8 12. b4 Bf8 13. Bd2 b6 14. g4 Ne7 15.
Ng3 Bb7 16. h4 Qd6 17. Kf2 g6 18. Nce2 Bg7 19. h5 Rac8 20. hxg6 fxg6 21. Rac1
Rf8 22. Kg2 Nh7 23. Nf4 Ng5 24. Nxg6 Nxg6 25. Bxg6 c5 26. Bf5 Rc6 27. bxc5 bxc5
28. dxc5 Qe7 29. Qb3 Kh8 30. Bc3 Re8 31. Bxg7+ Qxg7 32. Nh5 Qe7 33. Qxd5 Qe5
34. Qxe5+ Rxe5 35. e4 Rexc5 36. Rxc5 Rxc5 37. Rb1 Rc7 38. Rb6 Nf7 39. Kg3 Kg8
40. Be6 Bc6 41. Rxa6 Kf8 42. Bxf7 Kxf7 43. Kf4 1-0